[Event "Tel Aviv ASA"]
[Site "Tel Aviv"]
[Date "1995.??.??"]
[Round "9"]
[White "Har Zvi, Ronen"]
[Black "Lev, Ronen"]
[Result "1-0"]
[WhiteElo "2500"]
[BlackElo "2505"]
[Annotator "Blatny,P"]
[PlyCount "59"]
[EventDate "1995.??.??"]
[EventType "tourn"]
[EventRounds "9"]
[EventCountry "ISR"]
[EventCategory "10"]
[SourceTitle "CBM 050"]
[Source "ChessBase"]
[SourceDate "1996.02.01"]
[SourceVersion "1"]
[SourceVersionDate "1996.02.01"]
[SourceQuality "1"]

1. e4 e5 2. Nf3 Nf6 3. d4 Nxe4 4. Bd3 d5 5. Nxe5 Nd7 6. Nxd7 Bxd7 7. O-O Qh4 8.
c4 O-O-O 9. c5 g6 10. Nc3 Bg7 11. g3 Qf6 (11... Qh3 $2 12. Nxd5 Bg4 13. Ne7+ (
13. Nf4 $2 Bxd1 14. Nxh3 Bf3 $17) 13... Kb8 (13... Kd7 14. Qa4+ $18 {ע}) 14.
Nc6+ Kc8 (14... bxc6 15. Qb3+ $18) 15. Nxa7+ Kb8 16. Nc6+ Kc8 17. f3 (17. Be2
$2 Bxe2 18. Qxe2 Rhe8 {/\ Ng3}) (17. Ne7+ Kb8 {/\} 18. Be2 $2 Bxe2 19. Qxe2 Qe6
$1) 17... Rxd4 (17... bxc6 18. Ba6+ Kd7 19. fxg4 $18) (17... Nxg3 18. fxg4
Bxd4+ 19. Nxd4 Rxd4 20. Rf4 $1 Rhd8 21. Rxd4 Rxd4 22. Qe1 $3 Rxd3 (22... Qxg4
23. hxg3 Rxd3 24. Be3 $1 $18) 23. Bg5 $1 $18) 18. Be3 Rxd3 (18... Nxg3 19. Bxd4
Bxd4+ 20. Nxd4) 19. Qxd3 Nxg3 20. Bf4 {/\21.Ne7+,22.Bxc7+ +-;1-0 Ivanchuk,
V-Rozentalis,E/EU-chT Debrecen (05) UKR-LIT ;EU-chT 1992}) (11... Nxc3 12. bxc3
Qh3 13. Rb1 h5 14. Bf4 Bc6 15. Qb3 g5 16. Ba6 $5 (16. Bxg5 h4 $5 (16... f6 17.
Qc2 $1 Bd7 18. c6 $1 fxg5 19. cxd7+ Kb8 20. Bf5 g4 21. Rxb7+ Kxb7 22. Qb3+ Kc6
23. Qa4+ Kb7 24. Rb1+ Ka8 25. Qc6#) 17. Qc2 $1 Bd7 18. Bxd8 hxg3 19. fxg3 $18)
16... gxf4 17. Bxb7+ Bxb7 18. Qxb7+ Kd7 19. Rfe1 $1 Rb8 20. Qxd5+ $6 (20. c6+
$1 Kd6 21. Qxa7 Rb6 $8 22. Qa3+ $1 Kxc6 23. Qc5+ Kb7 24. Rxb6+ cxb6 25. Re7+
Ka6 26. Qc6 {/\Qa4#}) 20... Kc8 21. Rxb8+ Kxb8 22. Rb1+ Kc8 $10 {Geenen,
M-Handoko,E/Manila olm ;TD 92\02 1992}) 12. Be3 (12. Nxe4 dxe4 13. Bxe4 Bh3 14.
Qb3 Qa6 15. Re1 Rxd4 16. Bf4 Be6 17. Qf3 $14 {Sax,G-Skembris,S/Elenite (09) ;
CBM 32 1992}) 12... Bf5 $2 (12... Ng5 $142 $5 13. f4 (13. Nxd5 Nh3+ 14. Kg2 (
14. Kh1 Bc6 15. Qg4+ Qe6) 14... Bc6 15. Qg4+ Kb8 16. Qxh3 Rxd5 $17) (13. Be2 h5
$1 14. a4 (14. Re1 $142) 14... Bh3 15. c6 $6 (15. Re1 Ne6 $1 $15) 15... Bxf1
16. cxb7+ Kb8 17. Kxf1 h4 $17 {Kaplan,L-Pavasovic,D/Bled op ;TD 94\02 1994})
13... Qe6 $1 (13... Nh3+ $6 14. Kg2 Rhe8 15. Qd2 Rxe3 (15... c6 16. b4 Bf5 17.
Bxf5+ Qxf5 18. b5 Qe6 19. Rfe1 $14) (15... Bf5 $5 16. Rae1 h5 17. Bxf5+ Qxf5
18. Qd1 Re7 19. Qb1 Qg4 $13) 16. Qxe3 Re8 17. Qd2 Qxd4 18. Rae1 Rxe1 19. Rxe1
Kd8 (19... Qxc5 $2 20. f5 $1 $18) (19... Bh6 $2 20. Re8+ $1 Bxe8 21. Bf5+ gxf5
22. Qxd4 $18) 20. Rd1 Bg4 21. Bb5 $1 $16 {Leko,P-Farago,S/Budapest ExpFS MarGM
(10) ;CBM 37 1993}) 14. Re1 Ne4 15. Bxe4 dxe4 16. d5 Qa6 $5 17. Bd4 Bxd4+ 18.
Qxd4 f5 $13) 13. Nb5 a6 (13... Bh3 14. Nxa7+ $1 Kb8 15. Nb5 Bxf1 16. Bxf1 Rhe8
17. Qa4 Qa6 18. Qb4 Qa8 (18... Qc6 19. Qa5 $18) 19. a4 $1 g5 20. a5 c6 21. Nc3
Nxc3 22. bxc3 h6 23. a6 $40 {Anand,V-Huebner,R/Dortmund (07) ;CBM 29 1992}) 14.
Nxc7 $16 Kxc7 (14... Qc6 15. Na8 Kb8 16. Nb6 Rhe8 17. Re1 $16) 15. Bf4+ Kd7 (
15... Kc8 16. Be5 Qc6 17. Bxg7 Rhg8 18. Be5 f6 19. Bf4 g5 20. Be3 $18 {_|_})
16. Be5 Qe6 17. Bxg7 (17. Qa4+) 17... Rhg8 18. Be5 Nxc5 19. Bxf5 Qxf5 (19...
gxf5 $2 20. f3 $1 {/\Re1+-}) 20. g4 Qe6 $8 21. Re1 Ne4 22. f3 Nd6 (22... Nf6
23. Qb3 (23. Bg3) 23... b5 24. a4 $18) 23. Qb3 $1 (23. Bg7 $6 Ne4 24. Bh6 g5 $1
) 23... Kc8 24. Rac1+ Kb8 (24... Nc4 25. Qd3 (25. Bc7 Qf6) 25... Kd7 26. Bc7
$18) 25. Rc6 $1 Ka8 26. Qb6 $18 Rge8 (26... bxc6 27. Qxa6+ Kb8 28. Qb6+ Kc8 (
28... Ka8 29. Re3 Nc4 30. Qa6#) 29. Qxc6+ Kb8 30. Re3 $18) 27. Bg3 Qd7 28. Rxd6
Rxe1+ 29. Kg2 Re2+ 30. Kh3 1-0

[Event "Biel GM"]
[Site "Biel"]
[Date "1999.07.23"]
[Round "5"]
[White "Bologan, Viktor"]
[Black "Onischuk, Alexander"]
[Result "1/2-1/2"]
[WhiteElo "2620"]
[BlackElo "2657"]
[Annotator "Blatny,P"]
[PlyCount "48"]
[EventDate "1999.07.19"]
[EventType "tourn"]
[EventRounds "10"]
[EventCountry "SUI"]
[EventCategory "14"]
[SourceTitle "CBM 072"]
[Source "ChessBase"]
[SourceDate "1999.10.01"]
[SourceVersion "1"]
[SourceVersionDate "1999.10.01"]
[SourceQuality "1"]

1. e4 e5 2. Nf3 Nf6 3. d4 Nxe4 4. Bd3 d5 5. Nxe5 Bd6 6. O-O Nd7 7. Nxd7 Bxd7 8.
c4 c6 9. cxd5 cxd5 10. Qh5 O-O 11. Qxd5 Bc6 12. Qh5 g6 13. Qh3 Ng5 14. Qg4 Ne6
15. Bh6 Re8 16. Nc3 Bf4 17. Bxf4 Qxd4 18. Be4 Nxf4 19. Qxf4 Bxe4 20. Rfe1 (20.
Rae1 $5 f5 21. Re3 Rad8 22. Rfe1 $14) 20... Bb1 $3 $11 {[%mdl 320]} 21. Qc1 Bf5
22. Qd1 Qxd1 23. Rexd1 Rad8 24. f3 Kg7 1/2-1/2

[Event "Elgoibar 08th"]
[Site "Elgoibar"]
[Date "1998.11.24"]
[Round "4"]
[White "Van der Wiel, John"]
[Black "Mellado Trivino, Juan"]
[Result "1-0"]
[WhiteElo "2520"]
[BlackElo "2460"]
[Annotator "Blatny,P"]
[PlyCount "79"]
[EventDate "1998.11.11"]
[EventType "tourn"]
[EventRounds "9"]
[EventCountry "ESP"]
[EventCategory "10"]
[SourceTitle "CBM 069"]
[Source "ChessBase"]
[SourceDate "1999.04.01"]
[SourceVersion "1"]
[SourceVersionDate "1999.04.01"]
[SourceQuality "1"]

1. e4 e5 2. Nf3 Nf6 3. d4 Nxe4 4. Bd3 d5 5. Nxe5 Bd6 6. O-O O-O 7. c4 Bxe5 8.
dxe5 Nc6 9. cxd5 Qxd5 10. Qc2 Nb4 11. Bxe4 Nxc2 12. Bxd5 Bf5 13. g4 Bxg4 14.
Bf4 Nxa1 15. Be4 f5 16. Bd5+ Kh8 17. Rc1 c6 18. Bg2 Rfd8 19. Nd2 h6 (19... Rxd2
$6 20. Bxd2 Rd8 21. Bc3 (21. Be3 $6 Rd1+ 22. Rxd1 Bxd1 23. Bxa7 Nc2 24. f4 Nb4
25. Kf2 Nxa2 26. Ke3 Bb3 27. Kd4 Kg8 28. Kc5 Kf7 $11 {Mainka,R-Micic,J/
Dortmund 1998/EXT 99}) 21... Rd1+ 22. Rxd1 Bxd1 23. Bf1 $1 (23. f4 $6 Nc2 24.
Kf2 Kg8 25. a4 a5 $1 26. Bxa5 Nd4 $11 {Kasparov,G-Anand,V/Linares 1991/CBM 22})
23... Bf3 (23... Nc2 24. Bc4 Bh5 25. Bd3 Bd1 (25... Na1 26. b4 $18) 26. Bxf5
$16) 24. Bd3 Be4 $8 (24... g6 25. b4 $18) 25. Bc4 Bd5 26. Bxd5 cxd5 27. Kf1 $18
{_|_} d4 (27... Nc2 28. Ke2 d4 29. Bd2 Kg8 30. Kd3 Na1 31. Kxd4 Kf7 32. Kd3 Ke6
33. Bc3 $18) 28. Bxd4 Nc2 29. Bc3 b5 30. e6 Kg8 31. Ke2 b4 32. Be5 b3 33. axb3
Nb4 34. Bd6 Nc6 35. Kd3 {1-0 Zapata,A-Zarnicki,P/Sao Paulo 1992/EXT 98 (35)})
20. h4 Rd3 21. Bf1 Rd4 22. Be3 Rd5 23. Rxa1 Rxe5 24. Nc4 Re6 $2 $146 {
Technisch gesehen ist es eine Neuerung, obwohl diese Fortsetzung schon frueher
als schlecht analysiert wurde.} (24... Rd5 $142 25. Bg2 Rdd8 $5 (25... Rb5 26.
Re1 $16 {Timman,J-Yusupov,A/Linares csf2/1992/}) 26. Re1 Kh7 27. Kh2 Bh5 28.
Bc5 b6 29. Be7 Rd4 30. Nd6 Rd2 $1 31. Bxc6 Rb8 32. Kg3 f4+ $1 33. Kxf4 Rxf2+
34. Kg3 Rxb2 $11 {Bucher,D-Giertz,N/Biel 1998/EXT 99}) 25. f4 $1 {[%csl Re5]
[%cal Gc4e5,Gf4e5]} Bf3 (25... Re4 26. Bd3 Rae8 $6 27. Kf2 R4e6 28. Ne5 $18 {
_|_}) 26. Ne5 Bd5 27. h5 $1 {[%csl Rg6][%cal Ge5g6,Gh5g6]} Rae8 28. Bd3 Bf3 $5
29. Kf2 $1 (29. Bxf5 $2 Rxe5 $1 30. fxe5 Rxe5 31. Bg6 $1 Rxe3 32. Kf2 Bxh5 $8
33. Bxh5 Re6 34. Rd1 g6 35. Be2 Re7 $13 36. Rd6 $140 Kg7 37. Bd3 Rf7+ 38. Ke3
Rf6 39. Rd7+ Rf7 40. Rd6 Rf6 $11) 29... Bxh5 30. Rh1 Bg4 (30... Bg6 31. Bxa7
$18 {_|_}) (30... g6 31. Bc4 Rf6 32. Bxa7 (32. Bd4 Kh7 33. Nd7 $6 Rd6 34. Nf6+
Rxf6 35. Bxf6 Re4 $132) 32... Kh7 33. Bc5 $18 {[%csl Gc4,Gc5,Ge5,Re8,Rf6,Gh1,
Rh5] _|_}) 31. Bxa7 (31. Bc4 $142 $1 Rf6 32. Bd4 Rd8 33. Bc3 Kh7 34. Nxg4 fxg4
35. Bxf6 gxf6 36. Be6 Kg6 (36... Rd2+ 37. Kg3 Rxb2 38. Kxg4 Rb5 (38... Kg6 39.
Rg1 $1 $18) 39. Rd1 $1 $18 {_|_}) 37. Bxg4 Rd2+ 38. Kf3 Rxb2 (38... f5 39. Bh5+
Kf6 40. Rg1 Rxb2 41. Rg6+ Ke7 42. Rxh6 Rxa2 43. Rh7+ Kd6 44. Rxb7 Ra3+ 45. Kf2
$16) 39. Bh5+ Kg7 (39... Kf5 $2 40. Bf7 $3 $18) 40. Rg1+ Kf8 41. Re1 $1 $16)
31... Rxe5 $2 (31... Ra8 $142 32. Bd4 Ra4 33. Bc3 (33. Bc4 Rxe5 34. Bxe5 Rxc4
35. Rxh6+ Kg8 36. Rg6 Kf8 $1 37. Rxg7 Rxf4+ $11) 33... Rxf4+ 34. Kg3 Ra4 35.
Bc2 Ra8 (35... Rxa2 $4 36. Bb3 Rxe5 37. Bxe5 $18) 36. Bb3 Rxe5 (36... Ree8 $4
37. Nxg4 fxg4 38. Rxh6#) 37. Bxe5 Kh7 38. Bf4 Re8 {+/=/+/- _|_}) 32. fxe5 Rxe5
33. Rxh6+ $1 $18 Kg8 (33... gxh6 34. Bd4) 34. Bc4+ Kf8 35. Rh8+ Ke7 36. Rb8 b5
37. Rb7+ Kd8 (37... Kf6 38. Bf1 Rd5 39. Rc7 $18) (37... Kf8 38. Bd4 $18) 38.
Bb6+ Kc8 (38... Ke8 39. Bf7+ Kf8 40. Bd4 Re2+ 41. Kg3 Rc2 (41... Re7 42. Bc5)
42. Bg6 $18) 39. Rc7+ Kb8 40. Rxg7 (40. Rxg7 Re4 41. Bd3 $18) 1-0

[Event "Lazne Bohdanec"]
[Site "Lazne Bohdanec"]
[Date "1995.??.??"]
[Round "4"]
[White "Blatny, Pavel"]
[Black "Howell, James C"]
[Result "1/2-1/2"]
[WhiteElo "2485"]
[BlackElo "2520"]
[Annotator "Blatny,P"]
[PlyCount "83"]
[EventDate "1995.01.??"]
[EventType "tourn"]
[EventRounds "11"]
[EventCountry "CZE"]
[EventCategory "10"]
[SourceTitle "CBM 045"]
[Source "ChessBase"]
[SourceDate "1995.04.01"]
[SourceVersion "1"]
[SourceVersionDate "1995.04.01"]
[SourceQuality "1"]

1. e4 e5 2. Nf3 Nf6 3. d4 Nxe4 4. Bd3 d5 5. Nxe5 Bd6 6. Qe2 $5 Bxe5 (6... O-O
$5) 7. Bxe4 $5 (7. dxe5 Nc5 $10) 7... dxe4 (7... Bxd4 $142 8. Bf5+ $5 (8. Bxd5+
Qe7 9. Qxe7+ Kxe7 10. O-O {+/=/=}) 8... Kf8 9. Bxc8 Qxc8 10. O-O $44 {צh8,Kf8,
->}) 8. dxe5 Qd4 9. Nc3 Qxe5 10. g3 $1 (10. Qxe4 $2 Qxe4+ 11. Nxe4 Bf5 $15)
10... O-O 11. Bf4 Qa5 (11... Qd4 $5) 12. O-O-O Be6 13. a3 Nd7 (13... c6 $142
$14) 14. Qb5 $1 Qxb5 15. Nxb5 Bg4 (15... c6 $2 16. Nc7 Rad8 17. Nxe6 fxe6 18.
Bc7 $18) 16. Nxc7 $1 Bxd1 17. Rxd1 $1 Rad8 18. Bd6 Nf6 19. Bxf8 Rxd1+ $6 (19...
Rxf8 $142 $14 {_|_ R+N:R+N}) 20. Kxd1 Kxf8 21. Nb5 Ke7 $1 (21... a6 22. Nd6 Ng4
23. Ke2 $1 Nxh2 (23... b5 24. h3 Nf6 25. Ke3 $18 {_|_}) 24. Nxb7 {/\Nc5+- _|_})
(21... Ng4 22. Ke2 Nxh2 23. Nd6 $1 $16) 22. Ke2 $1 (22. Nxa7 $6 Ng4 $13) 22...
a6 23. Nd4 g6 24. h3 $1 Kd6 25. Ke3 Ke5 26. c4 $1 $16 {_|_} Nd7 27. f4+ exf3
28. Nxf3+ Kd6 29. Kd4 Nc5 $2 (29... f6 $142 30. b4 $16) 30. Ng5 $1 Ne6+ $8 (
30... f6 31. Nf7+ (31. Nxh7 $6 Ne6+ {/\Ke7-f7-g7}) 31... Kc6 32. Nd8+ Kd6 33.
b4 $18 {_|_}) 31. Nxe6 Kxe6 (31... fxe6 32. b4 $18 {_|_}) 32. Kc5 Kd7 33. Kd5 (
33. Kb6 $142 Kc8 34. c5 f5 35. c6 bxc6 36. Kxc6 g5 37. Kd5 $18) 33... h5 34.
Ke5 Ke7 35. c5 $6 (35. b4 $18) 35... a5 $1 36. b4 a4 $1 37. Kd5 Kd7 38. g4 $2 (
38. b5 $18 f6 39. b6 $1 g5 (39... f5 40. h4 $18) 40. g4 h4 $8 41. c6+ $3 bxc6+
42. Kc5 f5 43. gxf5 g4 44. b7 Kc7 45. f6 g3 46. f7 g2 47. b8=Q+ $18) 38... hxg4
39. hxg4 f6 40. b5 Ke7 41. c6 Kd8 $3 $8 (41... bxc6+ $2 42. Kxc6 Kd8 43. Kb7 $1
(43. b6 $2 Kc8) 43... f5 44. gxf5 gxf5 45. b6 f4 46. Ka7 $18) (41... b6 $2 42.
Kc4 Kd6 43. Kb4 f5 (43... Ke6 44. Kxa4 f5 45. gxf5+ gxf5 46. Kb3 $18) 44. gxf5
gxf5 45. Kc4 $18) 42. cxb7 $10 (42. cxb7 Kc7 43. Ke6 f5 $8 44. gxf5 gxf5 45.
Kxf5 Kxb7 46. Ke5 Kb6 $10) 1/2-1/2

[Event "EU-ch 10th"]
[Site "Budva"]
[Date "2009.03.16"]
[Round "10"]
[White "Bologan, Viktor"]
[Black "Huzman, Alexander"]
[Result "1-0"]
[WhiteElo "2687"]
[BlackElo "2602"]
[Annotator "Bologan,V"]
[PlyCount "87"]
[EventDate "2009.03.06"]
[EventType "swiss"]
[EventRounds "11"]
[EventCountry "MNE"]
[SourceTitle "CBM 130"]
[Source "ChessBase"]
[SourceDate "2009.05.20"]
[SourceVersion "1"]
[SourceVersionDate "2009.05.20"]
[SourceQuality "1"]

1. e4 e5 2. Nf3 Nf6 {Eight years ago we met in the same situation in the
European Championship. It was also a Petroff.} 3. d4 Nxe4 4. Bd3 d5 5. dxe5 Be7
6. O-O Nc5 7. Be2 Nc6 8. Be3 O-O 9. Nc3 Be6 {This line has become rather
popular lately.} 10. a3 $5 {Novelty. A few rounds before I had a look at this
position after Kobalia won his game against Kunin and came up with this
prophylactic idea.} (10. Nb5 {in order to attack the bishop on e6 from d4 was
tried before.} Nd7 11. Bf4 a6 (11... Bc5 12. c3 Bb6 13. Nbd4 Nxd4 14. cxd4 f6
15. Qd2 fxe5 16. Nxe5 c6 17. Nxd7 Qxd7 18. Be5 Rae8 19. Rae1 Bg4 $11 {Chadaev
N 2568 - Antic De 2495 , 16.3.2009 10th EICC}) 12. Nbd4 Nxd4 13. Nxd4 c5 14.
Nxe6 fxe6 15. Bg3 c4 16. Bg4 {Shirov A 2726 - Gelfand B 2719 , 20.10.2008 24th
ECC} Qb6 17. b3 Rac8 $11) (10. Qc1 {actualy this idea inspired me for the plan
which happened in the game; White has achieved better results against} Qc8 (
10... d4 11. Rd1 dxe3 12. Rxd8 exf2+ 13. Kh1 Raxd8 14. Qe3 {Kobalia M 2634 -
Kunin V 2546 , 9.3.2009 10th EICC. I was not sure that this position is better
for White, for example} Bf5 15. Bc4 Nb4 16. Qxf2 Nxc2 17. Rf1 c6 $13) 11. Rd1
Rd8 12. Bg5 h6 13. Bxe7 Nxe7 14. Nd4 Bg4 15. f3 Bd7 16. f4 c6 17. Qe3 $14 {
Almasi Z 2663 - Landa K 2613 , 27.12.2008 51st It. with a small but
comfortable advantage for White.}) (10. Bb5 {!?} Nd7 (10... a6 11. Bxc6 bxc6
12. Nd4 Qd7 13. f4 Bf5 14. Rb1 a5 15. Nxf5 Qxf5 16. Ne2 Ne4 17. Nd4 Qd7 18. f5
Bc5 19. f6 g6 20. Qd3 $14) 11. Nxd5 Bxd5 12. Qxd5 Ndxe5 13. Bxc6 Nxc6 14. Qb5
Qc8 15. Rad1 Bf6 16. Rfe1 Re8 17. Bf4 Rxe1+ 18. Rxe1 a6 {[%eval 0,0] Efimenko
Z 2688 - Motylev A 2676 , 18.1.2009 Corus} 19. Qd3 h6 20. c3 Ne7 21. h3 Ng6 22.
Bg3 c6 $11) 10... a6 (10... Qd7 11. Qe1 Ne4 12. Rd1 Nxc3 13. Qxc3 $14) 11. Qe1
$5 {The difference with the queen on c1 is that the knight on c3 is protected
in the event of ...Ne4.} Qc8 (11... Qd7 12. Rd1 Rad8 13. b4 $18) 12. Rd1 Rd8
13. h3 h6 $6 {Waste of time.} ({I mostly was afraid of} 13... Ne4 $1 {I didn't
like} 14. Bd3 (14. Bf4 h6 15. Nxe4 (15. b4 Nxb4 16. Nd4) (15. Bd3 Nc5) 15...
dxe4 16. Nd2 Nd4 17. Nxe4 Bxh3 18. f3 (18. gxh3 Qf5) 18... Nxe2+ 19. Qxe2 Bf5
$15) (14. b4 Nxb4 15. axb4 Bxb4 16. Rd3 c5 17. Bd2 Qc7 18. Nxe4 dxe4 19. Rxd8+
Rxd8 20. Bxb4 exf3 21. Ba5 b6 {=}) 14... Nxc3 15. Qxc3 Bxh3 $1 16. gxh3 Qxh3
17. Be2 {and now Black gives a funny perpetual check:} Qg4+ 18. Kh2 Qh5+ 19.
Kg3 Qg6+ $11) 14. Nd4 Nxd4 ({White has a straight mating attack on} 14... Nxe5
15. f4 Nc4 16. Bxc4 dxc4 17. f5 Bd5 18. f6 Bxf6 19. Rxf6 gxf6 20. Bxh6 $18) 15.
Rxd4 {The rook starts its glorious way to a heroic end.} ({Another possibility
was} 15. Bxd4 Nd7 (15... Ne4 16. Bd3) 16. f4 c5 17. Bf2 d4 18. Ne4 Bd5 19. Bf3
Bc4 20. Bh4 {!} Bxh4 21. Qxh4 Bxf1 22. Nd6 Qc7 23. Rxf1 $44) 15... c6 16. b4
Nd7 17. f4 f5 18. g4 {Too optimistic.} ({Better was to improve both rook and
knight's positions by} 18. Bf3 a5 19. Ne2 axb4 20. axb4 Nb6 21. Rd3 Nc4 22. Bc5
$14 {and only then to start thinking of an eventual attack.}) (18. Qf2 a5 19.
Rb1) 18... Rf8 19. Kh2 a5 20. Rg1 axb4 21. axb4 Rf7 $1 {At this point I
realised that the direct attack is not working due to an exchange sacrifice on
the opponent's side.} 22. Bd3 (22. gxf5 Bxf5 23. Bh5 Nf8 {!} 24. Bxf7+ Kxf7 $13
{and I was not even sure who is better in this position.}) 22... Nf8 23. Qg3 g6
24. Ne2 Ra2 25. Nc1 Ra1 26. Rg2 {Trying to avoid the rook exchange.} b6 27. Nb3
Ra2 {Here I decided to go for a forced line, but I chose the wrong move order.}
28. b5 $2 {The correct way was} (28. gxf5 Bxf5 29. b5 c5 {transposing to the
game.}) 28... c5 {Here Black missed a good opportunity to seize the initiative:
} (28... fxg4 29. hxg4 (29. bxc6 gxh3) 29... c5 30. f5 cxd4 31. Nxd4 Bg5 {
and I am not sure that White has enough compensation for the pawn.}) 29. gxf5
Bxf5 30. Rxd5 Bxd3 31. cxd3 Rxg2+ 32. Qxg2 Kh7 {Suddenly I realised that I
have a clear extra pawn, but my rook is trapped in the middle of the board - a
rare case in tournament practice.} 33. d4 {Spending a big part of my time
advantage I decided to go for a piece sacrifice.} (33. Nd2 Ne6 34. Nc4 Nxf4 35.
Qf3 g5 $13) 33... c4 34. Nc5 $1 bxc5 35. dxc5 Ne6 36. c6 Bf8 $4 {The critical
moment in the game. I didn't see how to avoid a draw after the strongest} (
36... Nxf4 37. Bxf4 Rxf4 38. Rd7 Qf8 39. c7 Rf2 40. Rxe7+ Kg8 $1 {Until this
moment we both saw the position, but Alexander didn't see that he has the
threat of ...Qf4+ with a draw.} 41. Kg1 (41. b6) 41... Rxg2+ 42. Kxg2 Qc8 43.
e6 c3 44. Rd7 c2 45. Rd8+ Kg7 46. Rxc8 c1=Q $11) 37. Qe4 Nc7 38. b6 $1 {
Now it's easy, the two pawns are better than the rook.} Nxd5 39. Qxd5 Rg7 40.
Qxc4 Be7 41. b7 Qc7 42. Ba7 Qa5 43. b8=Q Qd2+ 44. Kg1 1-0

[Event "Hoogovens-B"]
[Site "Wijk aan Zee"]
[Date "1984.01.25"]
[Round "6"]
[White "Kuijf, Marinus"]
[Black "Hartoch, Robert G"]
[Result "0-1"]
[WhiteElo "2430"]
[BlackElo "2355"]
[Annotator "Bulletin"]
[PlyCount "70"]
[EventDate "1984.01.19"]
[EventType "tourn"]
[EventRounds "9"]
[EventCountry "NED"]
[EventCategory "7"]
[SourceTitle "MCL"]
[Source "ChessBase"]
[SourceDate "1999.07.01"]
[SourceVersion "1"]
[SourceVersionDate "1999.07.01"]
[SourceQuality "1"]

1. e4 e5 2. Nf3 Nf6 3. d4 exd4 4. e5 Ne4 5. Bb5 $6 c6 6. Qxd4 Qa5+ 7. c3 Nxf2
8. Bc4 Bc5 $2 9. Qf4 d5 10. exd6 Be6 11. b4 $1 (11. Rf1 $6 Bb6 12. b4 Qd5 13.
Bxd5 Nd3+ 14. Kd1 Nxf4 15. Bxc6+ Nxc6 16. Bxf4 $10) 11... Bxc4 12. Qe5+ Be6 13.
Qxg7 Nd3+ 14. Kd2 Nxb4 15. Qxh8+ Kd7 16. Ba3 $6 N8a6 $1 17. cxb4 $2 (17. Qxa8
$1) 17... Nxb4 18. Qc3 Be3+ 19. Ke1 $5 Nd3+ $2 (19... Nc2+ 20. Ke2 Qb5+ 21. Kd1
Nxa1 22. Qxa1 Re8) 20. Ke2 Nf4+ 21. Kd1 Qa4+ 22. Qc2 Qa5 23. Re1 Qd5+ 24. Nbd2
Nxg2 25. Re2 Bg4 26. Qb3 $4 Bxf3 27. Qxd5 Bxe2+ 28. Kxe2 cxd5 29. Nf3 Re8 30.
Kf1 Nf4 31. Ng5 Rg8 32. Nf3 f6 33. Rb1 b6 34. Re1 d4 35. Bb2 Nd3 {Time} 0-1

[Event "Asia-chT fin 11th"]
[Site "Singapore"]
[Date "1995.12.15"]
[Round "2"]
[White "Antonio, Rogelio Jr"]
[Black "Handoko, Edhi"]
[Result "1/2-1/2"]
[WhiteElo "2525"]
[BlackElo "2495"]
[Annotator "Chekhov,V"]
[PlyCount "53"]
[EventDate "1995.12.14"]
[EventType "team"]
[EventRounds "9"]
[EventCountry "SIN"]
[SourceTitle "CBM 050 Extra"]
[Source "ChessBase"]
[SourceDate "1996.03.01"]
[SourceVersion "1"]
[SourceVersionDate "1996.03.01"]
[SourceQuality "1"]
[WhiteTeam "Philippines"]
[BlackTeam "Indonesia"]
[WhiteTeamCountry "PHI"]
[BlackTeamCountry "INA"]

1. e4 e5 2. Nf3 Nf6 3. d4 Nxe4 4. Bd3 d5 5. Nxe5 Bd6 6. O-O O-O 7. c4 c6 8. Nc3
Nxc3 9. bxc3 Nd7 10. Nxd7 $5 (10. f4 $5 Nf6 11. Qf3 Re8 12. Bb2 Ne4 13. cxd5
cxd5 14. Bxe4 dxe4 15. Qxe4 f6 16. Kh1 $1 $146 {Tiviakov,S-Handoko,E/Gausdal/
1992/0,5/45/}) (10. Re1 $5 Bxe5 11. dxe5 Nc5 12. Bc2 Be6 $6 (12... dxc4 $5) 13.
cxd5 cxd5 14. Qh5 g6 15. Qh6 f5 16. exf6 Qxf6 17. Be3 Ne4 18. Bd4 $16 {
Ivanovic,B-Kurajica,B/Barcelona/1980/1|0/22/}) 10... Bxd7 11. cxd5 cxd5 12. Qh5
g6 13. Qxd5 Qc7 14. Bd2 (14. h3 Be6 15. Qf3 Qxc3 16. Bh6 Rfd8 17. Rad1 Bf8 (
17... Bxa2 $5) (17... Bd5 $5) 18. Bxf8 Kxf8 19. Qxb7 $13) (14. Bh6 $5 Rfd8 15.
Qf3 Bxh2+ (15... Qxc3 16. Qf6 Bf8 17. Bxf8 Rxf8 18. Be4 $14) 16. Kh1 Bd6 17. c4
$14) 14... Bxh2+ 15. Kh1 Bc6 16. Qg5 Rfd8 17. Qh4 $6 (17. f4 $5 Rd5 18. f5 $36
Bd6) 17... Rd5 18. Bg5 Qa5 (18... f6 $4 19. Bc4 fxg5 20. Qxh2 $18) 19. f4 Qxc3
20. Be4 (20. Qh3 $2 Bxf4 $1 $19) (20. Rad1 f6 21. Qxh2 fxg5 22. Be4 Rxd4 $17)
20... Bg3 21. Qg4 (21. Qh3 $2 Rxg5 22. fxg5 Bxe4 $19) 21... Rxg5 (21... h5 22.
Qf3 Qxf3 23. Rxf3 Rxg5 24. fxg5 Bxe4 25. Rxg3 $10) 22. fxg5 Qxd4 23. Qxg3 Qxe4
24. Qf2 $6 (24. Rae1 Qd5 25. a3 Rf8 26. Re7 $13) 24... Rf8 25. Rad1 Qg4 $1 26.
Qd2 Re8 27. Rf2 (27. Rf2 Qh3+ 28. Kg1 Qe3 29. Qxe3 Rxe3 30. Rd8+ Kg7 31. Rc8
Re5 32. Rc7 Bd5 33. Rc5 (33. Rd2 $5 b6 34. Rxa7 Rxg5 35. a4 $13) 33... b6 34.
Rb5 Re1+ 35. Kh2 Bc4 $15) 1/2-1/2